000 00742nam a2200277 a 4500
003 AR-BaBNM
005 20251128204943.0
008 082120s2002 ||||||||||||||000 | spa||
020 _a950-802-036-9
040 _cAR-BaBNM
100 1 _aSuárez, María Cristina
245 0 0 _aGestión social en la comunidad
_bguía de estudios y análisis
250 _a1ª ed.
260 _aBuenos Aires
_bEspacio
_c1995
300 _a93 p.
490 0 _aCiencias sociales
650 4 _aZONAS RURALES
650 4 _aZONAS URBANAS
650 4 _aDESARROLLO DE LA COMUNIDAD
650 4 _aPSICOLOGIA SOCIAL
650 4 _aTRABAJADORES SOCIALES
650 4 _aTRABAJO SOCIAL
700 1 _aDiéguez, Alberto José
942 _cBK
998 _cisola
999 _c9471
_d9471